Pacesetter; Pre-Intermediate ( Student's book )

Gorde:
Xehetasun bibliografikoak
Egile nagusia: Derek Strange
Formatua: Liburua
Hizkuntza:Undetermined
Argitaratua: Oxford Oxford Univ. Press 2000
Gaiak:
Etiketak: Etiketa erantsi
Etiketarik gabe, Izan zaitez lehena erregistro honi etiketa jartzen!
Thư viện lưu trữ: Trung tâm Học liệu Trường Đại học Cần Thơ
LEADER 00566nam a2200193Ia 4500
001 CTU_42355
008 210402s9999 xx 000 0 und d
020 |b 107.000đ 
082 |a 428.24 
082 |b P115ps 
100 |a Derek Strange 
245 0 |a Pacesetter; Pre-Intermediate ( Student's book ) 
245 0 |c Derek Strange, Diane Hall 
260 |a Oxford 
260 |b Oxford Univ. Press 
260 |c 2000 
650 |a english language - textbooks for foreign speakers 
904 |i Minh, 010720 
980 |a Trung tâm Học liệu Trường Đại học Cần Thơ